| 000 | 00650nam a22001817a 4500 | ||
|---|---|---|---|
| 005 | 20111212115848.0 | ||
| 020 |
_a9780007244430 _c75.00 |
||
| 037 | _bBlueberry Books | ||
| 100 |
_aLandman, Tanya _936779 |
||
| 245 |
_aThe little egg / _cby Tanya Landman; illustrated by Shoo Rayner |
||
| 260 |
_aLondon _bCollins _c2007 |
||
| 270 |
_a77-85 Fulhom Palace Road, Hammersmith _bLondon |
||
| 300 |
_aLevel 2-book B (24p.) _bill. _c20cm(pbk) |
||
| 490 |
_aRead at home _936780 |
||
| 700 |
_a Rayner, Shoo _936778 |
||
| 942 |
_2ddc _cCH _mLAN |
||
| 999 |
_c59268 _d59268 |
||